Países con por lo menos 10 letras en su nombre - Estadísticas

Estadísticas generales
  • Esta prueba ha sido intentada 388 veces
  • La puntuación promedio es 11 de 18
Estadísticas de respuestas
Países % Correcto
Afganistan
85%
Uzbekistan
85%
Turkmenistan
84%
Tayikistan
83%
Kazajistan
79%
Kirguistan
77%
Azerbaiyan
68%
Bielorrusia
65%
Liechtenstein
60%
Luxemburgo
59%
Madagascar
55%
Mozambique
55%
Mauritania
50%
Suazilandia
42%
Eslovaquia
40%
Montenegro
38%
Seychelles
33%
Bangladesh
27%
No se encontraron pruebas coincidentes
Distribución de puntuación
Porcentaje de gente con cada puntuación
Porcentaje por número respondido
Historial de tus puntuaciones
No has intentado esta prueba.